|
|
|
|
| LEADER |
01180cam a22002777i 4500 |
| 001 |
20607174 |
| 003 |
GR-PaULI |
| 005 |
20210127083120.0 |
| 008 |
180731t20192019ctuaf 001 0aeng d |
| 952 |
|
|
|0 0
|1 0
|2 ddc
|4 0
|6 516_360000000000000_YAU
|7 0
|9 244874
|a LISP
|b LISP
|c BSC
|d 2020-10-29
|i 149763
|l 0
|o 516.36 YAU
|p 025000276019
|r 2020-10-29 00:00:00
|t 1
|w 2020-10-29
|y BK15
|
| 999 |
|
|
|c 147781
|d 147781
|
| 010 |
|
|
|a 2018953465
|
| 020 |
|
|
|a 9780300235906
|q
|
| 040 |
|
|
|a GR-PaULI
|b gre
|c GR-PaULI
|e AACR2
|
| 082 |
0 |
4 |
|a 516.36
|2 23
|
| 100 |
1 |
|
|a Yau, Shing-Tung
|d 1949-
|e συγγραφέας.
|9 63359
|
| 245 |
1 |
4 |
|a The shape of a life :
|b one mathematician's search for the universe's hidden geometry /
|c Shing-Tung Yau and Steve Nadis.
|
| 260 |
|
|
|a New Haven ;
|a London :
|b Yale University Press,
|c 2019.
|
| 300 |
|
|
|a xvi, 293 σ. :
|b εικ. ;
|c 25 εκ.
|
| 500 |
|
|
|a Περιλαμβάνει ευρετήριο.
|
| 600 |
1 |
4 |
|a Yau, Shing-Tung
|d 1949-
|9 63359
|
| 650 |
|
4 |
|a Μαθηματικοί
|x Βιογραφία
|9 304
|
| 650 |
|
4 |
|a Γεωμετρία, Διαφορική
|9 2180
|
| 700 |
1 |
|
|a Nadis, Steven J.
|e συγγραφέας.
|9 184086
|
| 942 |
|
|
|2 ddc
|c BK15
|
| 998 |
|
|
|c ΜΠΟΥΡΑΣ
|d 2020-10
|